Investment appraisal : (Record no. 10717)
[ view plain ]
| 000 -LEADER | |
|---|---|
| fixed length control field | 01111cam a22002894a 4500 |
| 090 ## - LOCALLY ASSIGNED LC-TYPE CALL NUMBER (OCLC); LOCAL CALL NUMBER (OCLC) | |
| -- | 0 |
| 001 - CONTROL NUMBER | |
| control field | 15002327 |
| 005 - DATE AND TIME OF LATEST TRANSACTION | |
| control field | 20080201155213.0 |
| 008 - FIXED-LENGTH DATA ELEMENTS--GENERAL INFORMATION | |
| fixed length control field | 070911s2008 gw a b 001 0 eng |
| 010 ## - LIBRARY OF CONGRESS CONTROL NUMBER | |
| LC control number | 2007937123 |
| 020 ## - INTERNATIONAL STANDARD BOOK NUMBER | |
| International Standard Book Number | 9783540399681 (hbk. : alk. paper) |
| 040 ## - CATALOGING SOURCE | |
| Original cataloging agency | DLC |
| Transcribing agency | DLC |
| Modifying agency | DLC |
| 050 00 - LIBRARY OF CONGRESS CALL NUMBER | |
| Classification number | HG4515 |
| Item number | .G68 2008 |
| 082 00 - DEWEY DECIMAL CLASSIFICATION NUMBER | |
| Classification number | 332.67253 |
| Edition number | 22 |
| Item number | GOT |
| 100 1# - MAIN ENTRY--PERSONAL NAME | |
| Personal name | Gèotze, Uwe. |
| 245 10 - TITLE STATEMENT | |
| Title | Investment appraisal : |
| Remainder of title | Methods and models / |
| Statement of responsibility, etc | Uwe Gèotze, Deryl Northcott, Peter Schuster. |
| 260 ## - PUBLICATION, DISTRIBUTION, ETC. (IMPRINT) | |
| Place of publication, distribution, etc | Berlin : |
| Name of publisher, distributor, etc | Springer, |
| Date of publication, distribution, etc | c2008. |
| 300 ## - PHYSICAL DESCRIPTION | |
| Extent | xv, 391p. : |
| Other physical details | ill. ; |
| Dimensions | 24 cm. |
| 504 ## - BIBLIOGRAPHY, ETC. NOTE | |
| Bibliography, etc | Includes bibliographical references and index. |
| 650 #0 - SUBJECT ADDED ENTRY--TOPICAL TERM | |
| Topical term or geographic name as entry element | Investments |
| General subdivision | Decision making. |
| 650 #0 - SUBJECT ADDED ENTRY--TOPICAL TERM | |
| Topical term or geographic name as entry element | Business enterprises |
| General subdivision | Finance |
| -- | Decision making. |
| 700 1# - ADDED ENTRY--PERSONAL NAME | |
| Personal name | Northcott, Deryl. |
| 700 1# - ADDED ENTRY--PERSONAL NAME | |
| Personal name | Schuster, Peter. |
| 942 ## - ADDED ENTRY ELEMENTS (KOHA) | |
| Source of classification or shelving scheme | Dewey Decimal Classification |
| Item type | Book - Borrowing |
| Withdrawn status | Item status | Source of classification or shelving scheme | Damaged status | Not for loan | Vendor | Home library | Current library | Shelving location | Date acquired | Source of acquisition | Cost, normal purchase price | Serial Enumeration / chronology | Total Checkouts | Total Renewals | Full call number | Barcode | Date last seen | Date last borrowed | Koha item type |
|---|---|---|---|---|---|---|---|---|---|---|---|---|---|---|---|---|---|---|---|
| Dewey Decimal Classification | Academic Bookshop | Central Library | Central Library | First floor | 05/02/2009 | 849.69 | 367 | 5 | 31 | 332.67253 GOT | 000014576 | 15/07/2025 | 04/10/2023 | Book - Borrowing |